000 00400nam a2200169Ia 4500
001 14013
008 140402s9999 xx 000 0 und d
020 _a0-415-06290-X
040 _cPK-LaUMT
082 _a 330.0941
_bKAD-H
100 _aKadish, Alon
245 _aHistorians, economists, and economic history
_cKadish, Alon
260 _c1989
300 _a297 p.
546 _aEN
942 _cBK
999 _c14643
_d14643